00763 2200193 4500001002100000005001500021035002000036007000300056008004100059020001800100082001000118084001600128100003100144245027900175250001100454260006300465300003200528990000900560INLIS00000000000640920210218105553 a0010-0221000173ta210218 g | ind  a9786029434521 a616.7 a616.7 ULF s0 aUlfa Nurrahmani, s.Kep.,Ns1 aStop Osteoporosis :bTulang adalah Investasi Mengenal Osteoporosis Sejak Dini Manfaat Kalsium Mencegah Osteoporis Pencegah Osteopororis Pengobatan Osteoppororis Olah raga untuk Penderita Osteoporis Resep Menu Mencegah dan Mengatasi Osteoporosis /cUlfa Nurrahmani, s.Kep.,Ns aCet. 1 aYogyakarta :bGrup Relasi Inti Media, anggota IKAPI,c2012 aix, 114 hlm ;c13,5 x 20 cm a3302